Group Theory in a Nutshell for Physicists (Record no. 523968)

000 -LEADER
fixed length control field 00543nam a22001817a 4500
003 - CONTROL NUMBER IDENTIFIER
control field NUST
005 - DATE AND TIME OF LATEST TRANSACTION
control field 20190613081434.0
008 - FIXED-LENGTH DATA ELEMENTS--GENERAL INFORMATION
fixed length control field 190613b ||||| |||| 00| 0 eng d
020 ## - INTERNATIONAL STANDARD BOOK NUMBER
International Standard Book Number 987654321
038 ## - RECORD CONTENT LICENSOR
Staff Name SNS Library Staff
082 ## - DEWEY DECIMAL CLASSIFICATION NUMBER
Classification number 512.2 ZEE 2016
100 ## - MAIN ENTRY--PERSONAL NAME
Personal name A. Zee
9 (RLIN) 14796
245 ## - TITLE STATEMENT
Title Group Theory in a Nutshell for Physicists
Statement of responsibility, etc. A. Zee
260 ## - PUBLICATION, DISTRIBUTION, ETC.
Place of publication, distribution, etc. New Jersey
Name of publisher, distributor, etc. Princeton University Press
Date of publication, distribution, etc. 2016
300 ## - PHYSICAL DESCRIPTION
Extent 613 p.
Other physical details HB
440 ## - SERIES STATEMENT/ADDED ENTRY--TITLE
Title Group Theory in a Nutshell for Physicists
9 (RLIN) 14797
942 ## - ADDED ENTRY ELEMENTS (KOHA)
Source of classification or shelving scheme
Koha item type Book
Call number prefix 512.2 ZEE 2016
Holdings
Withdrawn status Lost status Source of classification or shelving scheme Damaged status Not for loan Permanent Location Current Location Shelving location Date acquired Total Checkouts Full call number Barcode Date last seen Price effective from Koha item type Total Renewals Date last checked out
          School of Natural Sciences (SNS) School of Natural Sciences (SNS) General Stacks 06/13/2019   512.2 ZEE 2016 SNS0002979 06/15/2022 06/13/2019 Book    
          School of Natural Sciences (SNS) School of Natural Sciences (SNS) General Stacks 06/13/2019 1 512.2 ZEE 2016 SNS0002980 09/22/2022 06/13/2019 Book 3 06/15/2022
          School of Natural Sciences (SNS) School of Natural Sciences (SNS) General Stacks 06/13/2019 1 512.2 ZEE 2016 SNS0002981 06/28/2021 06/13/2019 Book   12/20/2019
          School of Natural Sciences (SNS) School of Natural Sciences (SNS) General Stacks 06/13/2019 1 512.2 ZEE 2016 SNS0002982 12/10/2021 06/13/2019 Book   06/13/2019
© 2023 Central Library, National University of Sciences and Technology. All Rights Reserved.